00187nam a2200073Ia 4500082001300000245004000013100001900053008004100072 aATF KARS 0aDie jokkie wat met perde kon praat  aKarsten, Chris210825s9999 xx 000 0 und d